Tony Award Winners for Best Actress in a Play - Statistics

General Stats
  • This quiz has been taken 39 times
    8 since last reset
  • The average score is 9 of 82
Answer Stats
Year Play Actress % Correct
2024 Appropriate Sarah Paulson
100%
1960 The Miracle Worker Anne Bancroft
50%
2014 Lady Day at Emerson's Bar and Grill Audra McDonald
50%
1954 Ondine Audrey Hepburn
50%
2013 The Trip to Bountiful Cicely Tyson
50%
2006 Rabbit Hole Cynthia Nixon
50%
2019 The Waverly Gallery Elaine May
50%
1992 Death and the Maiden Glenn Close
50%
1984 The Real Thing Glenn Close
50%
2016 Long Day's Journey into Night Jessica Lange
50%
2017 A Doll's House, Part 2 Laurie Metcalf
50%
1989 Shirley Valentine Pauline Collins
50%
2025 The Picture of Dorian Gray Sarah Snook
50%
1953 The Time of the Cuckoo Shirley Booth
50%
1950 Come Back, Little Sheba Shirley Booth
50%
2010 Fences Viola Davis
50%
1967 The Killing of Sister George Beyl Reid
0%
1979 The Elephant Man Carole Shelley
0%
2005 Doubt Cherry Jones
0%
1995 The Heiress Cherry Jones
0%
1974 A Moon for the Misbegotten Colleen Dewhurst
0%
1979 Wings Constance Cummings
0%
2008 August: Osage County Deanna Dunagan
0%
2022 Dana H. Deirdre O'Connell
0%
1994 Medea Diana Rigg
0%
1975 Same Time, Next Year Ellen Burstyn
0%
2011 Good People Frances McDormand
0%
1959 A Majority of One Gertrude Berg
0%
2018 Three Tall Women Glenda Jackson
0%
1958 Time Remembered Helen Hayes
0%
1947 Happy Birthday Helen Hayes
0%
2015 The Audience Helen Mirren
0%
1947 Joan of Lorraine Ingrid Bergman
0%
1976 Sweet Bird of Youth Irene Worth
0%
1965 Tiny Alice Irene Worth
0%
1981 Piaf Jane Lapotaire
0%
1997 A Doll's House Janet McTeer
0%
2000 The Real Thing Jennifer Ehle
0%
1983 Foxfire Jessica Tandy
0%
1978 The Gin Game Jessica Tandy
0%
1948 A Streetcar Named Desire Jessica Tandy
0%
1988 Burn This Joan Allen
0%
1961 A Taste of Honey Joan Plowright
0%
2023 Prima Facie Jodie Comer
0%
1999 Amy's View Judi Dench
0%
1948 Medea Judith Anderson
0%
1977 The Belle of Amherst Julie Harris
0%
1973 The Last of Mrs. Lincoln Julie Harris
0%
1969 Forty Carats Julie Harris
0%
1956 The Lark Julie Harris
0%
1952 I Am a Camera Julie Harris
0%
2007 The Little Dog Laughed Julie White
0%
1948 Antony and Cleopatra Katharine Connell
0%
1986 The Search for Signs of Intelligent Life in the Universe Lily Tomlin
0%
1987 Broadway Bound Linda Lavin
0%
2002 Private Lives Lindsay Duncan
0%
1993 The Sisters Rosensweig Madeline Kahn
0%
1990 Lettice and Lovage Maggie Smith
0%
2009 God of Carnage Marcia Gay Harden
0%
1962 The Night of the Iguana Margaret Leighton
0%
1957 Separate Tables Margaret Leighton
0%
1998 The Beauty Queen of Leenane Marie Mullen
0%
1949 The Madwoman Martita Hunt
0%
2020 The Sound Inside Mary-Louise Parker
0%
2001 Proof Mary-Louise Parker
0%
1971 The Gingerbread Lady Maureen Stapleton
0%
1991 Lost in Yonkers Mercedes Ruehl
0%
1955 The Bad Seed Nancy Kelly
0%
2012 Venus in Fur Nina Arianda
0%
2004 A Raisin in the Sun Phylicia Rashad
0%
1980 Children of a Lesser God Phyllis Frelich
0%
1966 The Lion in Winter Rosemary Harris
0%
1972 Twigs Sada Thompson
0%
1964 Any Wednesday Sandy Dennis
0%
1985 A Day in the Death of Joe Egg Stockard Channing
0%
1970 Private Lives Tammy Grimes
0%
1963 Who's Afraid of Virginia Woolf? Uta Hagen
0%
1951 The Country Girl Uta Hagen
0%
2003 Long Day's Journey into Night Vanessa Redgrave
0%
1996 Master Class Zoe Caldwell
0%
1982 Medea Zoe Caldwell
0%
1968 The Prime of Miss Jean Brodie Zoe Caldwell
0%
No matching quizzes found
Score Distribution
Percent of People with Each Score
Percentile by Number Answered
Your Score History
You have not taken this quiz since the last reset